| 000 | 00943cad a22002055a 4500 | ||
|---|---|---|---|
| 001 | L154925 | ||
| 008 | 120202e20120202xxk f 000 0 eng d | ||
| 035 | _a(Sirsi) u154925 | ||
| 041 | 0 | _aeng | |
| 110 | 2 |
_aMarkit _95915 |
|
| 245 | 0 | 0 |
_aGrowth of construction sector activity slows to moderate pace _h[electronic resource] |
| 260 | _c2012 | ||
| 490 |
_aMarkit/CIPS UK Construction PMI News Release _v2 February 2012 |
||
| 520 | _aKey points for the UK construction industry are: two of the three broad sub-sectors (housing and civil engineering) post decline in output; employment stagnates in January; and confidence strengthens markedly to reach an eight-month high. | ||
| 590 | _aKA | ||
| 651 | 4 |
_aUnited Kingdom _y |
|
| 690 |
_aConstruction management _96230 |
||
| 856 | 4 | 0 |
_uhttps://www.markiteconomics.com/MarkitFiles/Pages/ViewPressRelease.aspx?ID=9134 _zView the news release free of charge at www.markiteconomics.com |
| 942 | _n0 | ||
| 999 |
_c113239 _d113239 |
||